[Event "Madrid-ch Seniors"]
[Site "Madrid"]
[Date "2016.01.11"]
[Round "1"]
[White "Vukotic Jovsic, Dragan"]
[Black "Perez Nunez Castillo, Jose Antonio"]
[Result "1-0"]
[WhiteElo "1947"]
[BlackElo "1601"]
[PlyCount "59"]
[EventDate "2016.01.11"]
[EventType "swiss"]
[EventRounds "9"]
[EventCountry "ESP"]
[SourceTitle "EXT 2017"]
[Source "ChessBase"]
[SourceDate "2016.10.25"]
[SourceVersion "1"]
[SourceVersionDate "2016.10.25"]
[SourceQuality "1"]

1. d4 Nf6 2. Nf3 d5 3. c4 e6 4. Nc3 Nbd7 5. Bg5 Be7 6. e3 0-0 7. Rc1 c6 8. Qc2 Re8 9. a3 a5 10. c5 h6 11. Bh4 Nh5 12. Bxe7 Qxe7 13. g4 Nhf6 14. g5 hxg5 15. Nxg5 e5 16. Be2 exd4 17. exd4 Nf8 18. h4 Bg4 19. Kf1 Bxe2+ 20. Nxe2 Ne4 21. Nxe4 Qxe4 22. Qxe4 Rxe4 23. Rd1 Rae8 24. Ng3 Rg4 25. h5 Kh7 26. Nf5 Rg5 27. Nd6 Re7 28. Rh4 Kh6 29. Rd3 Rxh5 30. Nf5+ 1-0

[Event "Madrid-ch Previa-A"]
[Site "Madrid"]
[Date "2013.02.19"]
[Round "8"]
[White "Perez Nunez Castillo, Jose Antonio"]
[Black "Corral Aragon, Juan Maria"]
[Result "1/2-1/2"]
[WhiteElo "1648"]
[BlackElo "1753"]
[PlyCount "93"]
[EventDate "2013.02.04"]
[EventType "swiss"]
[EventRounds "9"]
[EventCountry "ESP"]
[SourceTitle "EXT 2018"]
[Source "ChessBase"]
[SourceDate "2017.10.13"]
[SourceVersion "1"]
[SourceVersionDate "2017.10.13"]
[SourceQuality "1"]

1. d4 d5 2. Nf3 c6 3. c4 dxc4 4. a4 e6 5. e3 b5 6. axb5 cxb5 7. b3 Bb4+ 8. Bd2 Bxd2+ 9. Nfxd2 a5 10. bxc4 b4 11. c5 Nf6 12. Bb5+ Bd7 13. Qa4 0-0 14. Nc4 Bxb5 15. Qxb5 Qd7 16. Qxd7 Nbxd7 17. Rxa5 Rxa5 18. Nxa5 Ra8 19. Nb3 e5 20. Ke2 exd4 21. exd4 Re8+ 22. Kd3 Ne4 23. Rf1 f5 24. f3 Ng5 25. N1d2 Ne6 26. g3 Nc7 27. Nc4 Nd5 28. Rf2 f4 29. Re2 N7f6 30. Rxe8+ Nxe8 31. Ke4 fxg3 32. hxg3 Nc3+ 33. Ke5 h5 34. c6 Nc7 35. Kd6 N3b5+ 36. Kc5 g5 37. Ne3 h4 38. gxh4 gxh4 39. d5 h3 40. Ng4 Kg7 41. d6 Nxd6 42. Kxd6 Nb5+ 43. Kd7 Kg6 44. c7 Nxc7 45. Kxc7 Kg5 46. Nd4 Kf4 47. Nh2 1/2-1/2

[Event "Madrid-ch Previa-A"]
[Site "Madrid"]
[Date "2013.02.13"]
[Round "6"]
[White "Perez Nunez Castillo, Jose Antonio"]
[Black "Lozano Sanchez, Jose Antonio"]
[Result "1/2-1/2"]
[WhiteElo "1648"]
[BlackElo "1873"]
[PlyCount "38"]
[EventDate "2013.02.04"]
[EventType "swiss"]
[EventRounds "9"]
[EventCountry "ESP"]
[SourceTitle "EXT 2015"]
[Source "ChessBase"]
[SourceDate "2014.11.20"]
[SourceVersion "1"]
[SourceVersionDate "2014.11.20"]
[SourceQuality "1"]

1. d4 d5 2. Nf3 Nf6 3. c4 c6 4. e3 Bf5 5. Nc3 e6 6. a3 Nbd7 7. cxd5 exd5 8. Bd3 Ne4 9. Qc2 Ndf6 10. h3 Bg6 11. Ne5 Nd6 12. Nxg6 hxg6 13. Bd2 Be7 14. 0-0-0 Qd7 15. f3 Nc4 16. Bxc4 dxc4 17. Ne4 Nxe4 18. Qxe4 Qf5 19. Qxf5 gxf5 1/2-1/2

[Event "San Sebastian de los Reyes op 14th"]
[Site "San Sebastian"]
[Date "2012.12.01"]
[Round "1"]
[White "Perez Nunez Castillo, Jose Antonio"]
[Black "Bustos Serrano, Doroteo"]
[Result "0-1"]
[WhiteElo "1647"]
[BlackElo "2098"]
[PlyCount "48"]
[EventDate "2012.12.01"]
[EventType "swiss"]
[EventRounds "9"]
[EventCountry "ESP"]
[SourceTitle "CBM 151 Extra"]
[Source "ChessBase"]
[SourceDate "2012.12.18"]
[SourceVersion "1"]
[SourceVersionDate "2012.12.18"]
[SourceQuality "1"]

1. d4 b6 2. Nf3 Bb7 3. e3 e6 4. g3 Nf6 5. Bg2 c5 6. 0-0 Be7 7. c4 0-0 8. Nc3 Na6 9. b3 Nc7 10. Bb2 Qc8 11. Qc2 Rd8 12. Rfd1 cxd4 13. Rxd4 d5 14. cxd5 Ncxd5 15. Rc1 Bc5 16. Nxd5 Bxd5 17. Rh4 Be7 18. Rd4 Qxc2 19. Rxc2 Rac8 20. Rdd2 Bb4 21. Rxc8 Rxc8 22. Re2 Be4 23. Ne5 Bc2 24. a3 Bd1 0-1

[Event "Madrid-ch Previa-A"]
[Site "Madrid"]
[Date "2012.02.22"]
[Round "9"]
[White "Cupeiro Fernandez, Manuel"]
[Black "Perez Nunez Castillo, Jose Antonio"]
[Result "1/2-1/2"]
[WhiteElo "1832"]
[BlackElo "1633"]
[PlyCount "114"]
[EventDate "2012.02.06"]
[EventType "swiss"]
[EventRounds "9"]
[EventCountry "ESP"]
[SourceTitle "CBM 147 Extra"]
[Source "ChessBase"]
[SourceDate "2012.04.24"]
[SourceVersion "1"]
[SourceVersionDate "2012.04.24"]
[SourceQuality "1"]

1. e4 c6 2. d4 d5 3. exd5 cxd5 4. Nf3 Nf6 5. Nc3 Nc6 6. h3 e6 7. Be3 a6 8. Bd3 Bd6 9. 0-0 0-0 10. a3 b5 11. Ne2 Re8 12. Bf4 Qc7 13. Bxd6 Qxd6 14. Ng3 Bb7 15. Re1 h6 16. Ne5 Nxd4 17. c3 Nc6 18. Ng4 Nxg4 19. Qxg4 Ne5 20. Qf4 Nc4 21. Qxd6 Nxd6 22. Re3 Nc4 23. Bxc4 dxc4 24. Rd1 Rad8 25. Ree1 Rd3 26. Rxd3 cxd3 27. Rd1 Rd8 28. Rd2 g6 29. f3 f5 30. Nh1 e5 31. Nf2 e4 32. fxe4 fxe4 33. Ng4 Kg7 34. Kf2 h5 35. Ne3 Rf8+ 36. Kg3 Kh6 37. Rf2 Rxf2 38. Kxf2 Kg5 39. g3 Bc8 40. h4+ Kf6 41. Nd5+ Ke5 42. Nf4 Bf5 43. Ke3 Kd6 44. Ng2 Kc5 45. Kd2 Kc4 46. Ne3+ Kb3 47. Kc1 Bg4 48. Nf1 a5 49. Nd2+ Ka2 50. Nxe4 Kb3 51. Nc5+ Kc4 52. Nb7 a4 53. Nd6+ Kc5 54. Ne4+ Kc4 55. Nd2+ Kd5 56. Kb1 Be2 57. Ka2 Bd1 1/2-1/2

[Event "Madrid-ch Previa-A"]
[Site "Madrid"]
[Date "2012.02.13"]
[Round "4"]
[White "Perez Nunez Castillo, Jose Antonio"]
[Black "Monge Gilgado, Eva Maria"]
[Result "1/2-1/2"]
[WhiteElo "1633"]
[BlackElo "1844"]
[PlyCount "35"]
[EventDate "2012.02.06"]
[EventType "swiss"]
[EventRounds "9"]
[EventCountry "ESP"]
[SourceTitle "CBM 147 Extra"]
[Source "ChessBase"]
[SourceDate "2012.04.24"]
[SourceVersion "1"]
[SourceVersionDate "2012.04.24"]
[SourceQuality "1"]

1. d4 e6 2. c4 f5 3. g3 g6 4. Bg2 Bg7 5. Nc3 Nf6 6. Nf3 d6 7. 0-0 0-0 8. Bf4 Qe7 9. Qd2 Rd8 10. Bh6 Bh8 11. Qc2 c6 12. Rad1 Bd7 13. e4 Bg7 14. Bxg7 Qxg7 15. e5 dxe5 16. Nxe5 Be8 17. Rfe1 Nbd7 18. Nf3 1/2-1/2